000 00192nam a2200085Ia 4500
082 _aJ 362.1969792 MATH
245 0 _aMasakhane
942 _cBK
008 210817s9999 xx 000 0 und d
999 _c280903
_d280902